00433 2200157 4500001002100000005001500021035002000036245007600056100001700132300002600149260004400175082000800219084001400227020002200241990001200263INLIS00000000000185620250515084521 a0010-05250001481 aBelajar Coding Itu Penting Di Era Revolusi Industri 4.0 /cYeni Mulyani0 aYeni Mulyani a160 hlm ;c15 x 23 cm aYogyakarta :bPustaka Baru Press,c2025 a600 a600 YEN b a978-602-376-367-2 a0754824